| 000 | 01077cab a22001935a 4500 | ||
|---|---|---|---|
| 001 | L155128 | ||
| 008 | 120305s2012 xxk 000 0 eng d | ||
| 035 | _a(Sirsi) u155128 | ||
| 041 | 0 | _aeng | |
| 100 | 1 | _aIves, Paul | |
| 245 | 0 | 0 | _aCentral London offices - New Year prospects |
| 260 | _c2012 | ||
| 490 | 0 |
_aSustainablebuilding inc Propertyforecast _v(60) February 2012, 14-15(2) |
|
| 520 | _aWhat are the prospects in 2012 for the central London office market after a fairly average year in 2011?. Although the number/volume of requirements in the central London office market is healthy, corporate caution will keep office take-up in 2012 down to similar levels to 2011. Rents are unlikely to rise far but available new office space will increase only slightly with refurbishments coming on-stream late in the year. 1000 companies will have to make relocation decisions in the next 18 months plus a further 2000 central London companies facing relocation decisions by 2016. | ||
| 590 | _aKA | ||
| 651 | 4 | _aLondon | |
| 690 |
_aCommercial property _96227 |
||
| 942 | _n0 | ||
| 999 |
_c83821 _d83821 |
||